Tia nắng của mẹ : Những câu chuyện ngợi ca mối thâm tình đặc biệt giữa mẹ và con trai
Trong tuyển tập này, bạn sẽ khám phá được nhiều câu chuyện xúc động về mối quan hệ giữa mẹ và con trai trong đời thường.
Đã lưu trong:
| 格式: | 圖書 |
|---|---|
| 語言: | Undetermined |
| 出版: |
Hà Nội
Phụ Nữ
2006
|
| 主題: | |
| 標簽: |
添加標簽
沒有標簽, 成為第一個標記此記錄!
|
| Thư viện lưu trữ: | Trung tâm Học liệu Trường Đại học Cần Thơ |
|---|
| LEADER | 00838nam a2200217Ia 4500 | ||
|---|---|---|---|
| 001 | CTU_112351 | ||
| 008 | 210402s9999 xx 000 0 und d | ||
| 020 | |c 22000 | ||
| 082 | |a 808.301 | ||
| 082 | |b T301 | ||
| 245 | 0 | |a Tia nắng của mẹ : | |
| 245 | 0 | |b Những câu chuyện ngợi ca mối thâm tình đặc biệt giữa mẹ và con trai | |
| 245 | 0 | |c Trần Trung Nghĩa biên dịch | |
| 260 | |a Hà Nội | ||
| 260 | |b Phụ Nữ | ||
| 260 | |c 2006 | ||
| 520 | |a Trong tuyển tập này, bạn sẽ khám phá được nhiều câu chuyện xúc động về mối quan hệ giữa mẹ và con trai trong đời thường. | ||
| 650 | |a Short stories | ||
| 650 | |x Collections | ||
| 904 | |i Minh | ||
| 980 | |a Trung tâm Học liệu Trường Đại học Cần Thơ | ||